LEADER 01073nam a2200241 a 4500 001 000000014333 003 CaOOAMICUS 005 20110923152144.0 008 940517s1991 it u000 u ita u 035 $a10339248 040 $aPUL(R)$bita 245 00$aOltre la crisi della ragione :$bitinerari della filosofia contemporanea : atti del convegno di studi, Catania 24-25 Maggio 1990. 260 $aAcireale :$bGalatea,$c1991. 300 $a168 p. ;$c21 cm 490 1 $aQuaderni di Synaxis ;$v8 650 4$aFilosofia$xCongressi.$0(OLS)http://pul/subject/8496 830 0$aQuaderni di Synaxis ;$v8.$0(OLS)http://pul/title/20617 850 $aPUL 852 $aPUL$W1$xSL Filosofia 1$y2$m97 M 41$j145882$nBK-PRI$qStampati$B20133$CPULBib$Z2$F20133 $H69306 $82 941 1 $a8 961 $aINV: 69306 996 $6245$aOltre la crisi della ragione :$bitinerari della filosofia contemporanea : atti del convegno di studi, Catania 24-25 Maggio 1990$9(OLS)http://pul/title/20619 996 $6260$aAcireale :$bGalatea$9(OLS)http://pul/publisher/55096 LEADER 01530nam a2200373 i 4500 001 000000178470 003 CaOOAMICUS 005 20260209160341.0 007 tu 008 260209s2004 it o 000 u ita r 020 $a88-04-52666-1* 040 $aPUL$bita$erda 082 0 $a340.57 100 1 $aLomartire, Carlo Maria$b1943-,$eautore.$0(OLS)http://pul/name/73333 245 10$aMattei :$bstoria dell'italiano che sfidò i signori del petrolio /$cCarlo Maria Lomartire. 250 $a1.edizione maggio 2004 264 4$c©2004. 264 1$aMilano :$bMondadori,$c[2004] 300 $a357 pagine, [4] carte di tav. : $bfotografie ;$c23 cm 336 $atesto$btxt$2rdacontent 337 $asenza mediazione$bn$2rdamedia 338 $avolume$bnc$2rdacarrier 490 1 $a Le scie ;$v 600 14$aMattei, Enrico,$d1906-1962.$0(OLS)http://pul/subject/35061 830 3$aLe scie (Arnoldo Mondadori Editore).$0(OLS)http://pul/title/10159 850 $aPUL 852 $aPUL$W1$xDP1 Fondo Liberati$y125$m5 A 8$j115147$qFondi$B207585$CPULBib$Z2$F207585 $HLib6 $82 941 1 $a1 996 $6020$a88-04-52666-1*$9(OLS)http://pul/number/170858 996 $6082$a340.57$9(OLS)http://pul/classification/1919 996 $6245$aMattei :$bstoria dell'italiano che sfidò i signori del petrolio$9(OLS)http://pul/title/147929 996 $6264$aMilano :$bMondadori$9(OLS)http://pul/publisher/50297 996 $6264$a[S.l.] :$b[s.n.]$9(OLS)http://pul/publisher/0